000 00312nam a22001217a 4500
008 160506b xxu||||| |||| 00| 0 eng d
020 _a9780716749479
020 _a0716749475
041 _aeng
080 _a61
245 _aImmunology:
_cRichard A. Goldsby; Thomas J. Kindt; Barbara A. Osborne;
942 _2udc
_cBK
999 _c1868
_d1868